000 00741 a2200193 4500
001 123830
020 _a9788596005647
040 _cEscola Canadense de Niteroi
090 _aGIO
100 _aGiovanni, José Ruy
245 1 0 _aFaça atividades matemática: a conquista, 4°ano
250 _a1. ed.
260 _aSão Paulo
300 _a96 p.
_bil.
362 0 _a2016
520 _aAprender matemática fica ainda mais fácil e divertido quando exercitamos nossos conhecimentos. Os cadernos de atividade da coleção Faça Matemática foram elaborados para reforçar o aprendizado, facilitar a compreensão dos conteúdos estudados e mostrar como a matemática está presente no dia a dia.
650 4 _aMatemática
942 _cBK
999 _c123830
_d123830